Statistiques concernant Villes sur la route 66 - Carte

Cliquez ici pour prendre le quiz!

Statistiques générales

  • Ce quiz a été pris 83 fois
  • Le résultat moyen est 5 sur 15

Réponses sur la Carte

Les réponses sont colorées sur une échelle allant du rouge au vert en fonction du pourcentage des utilisateurs qui les ont devinées à leur premier essai. Vous pouvez retrouver ces pourcentages ci-dessous.
 

Statistiques - réponses

PopulationVille% Correct
4,057,841Los Angeles
96%
2,679,044Chicago
88%
661,614Oklahoma City
51%
564,764Albuquerque
45%
300,991Saint Louis
40%
113,471Springfield, IL
35%
169,080Springfield, MO
35%
403,045Tulsa
17%
203,290Amarillo
16%
91,857Santa Monica
16%
75,572Flagstaff
13%
218,306San Bernardino
13%
77,606Bloomington
4%
53,617Joplin
4%
54,360Normal
1%

Distribution des résultats

Percentile par nombre de réponses

% des personnes avec chaque résultat

Votre développement - résultats

Vous n’avez pas pris ce quiz